[Event "GER-chT U14 Girls"]
[Site "Greifswald"]
[Date "2003.12.29"]
[Round "5.4"]
[White "Dobrinevski, Anastasia"]
[Black "Perlick, Maria"]
[Result "1/2-1/2"]
[WhiteElo "790"]
[BlackElo "1173"]
[PlyCount "59"]
[EventDate "2003.12.27"]
[EventType "team-swiss"]
[EventRounds "7"]
[EventCountry "GER"]
[SourceTitle "EXT 2022"]
[Source "ChessBase"]
[SourceDate "2021.10.06"]
[SourceVersion "1"]
[SourceVersionDate "2021.10.06"]
[SourceQuality "1"]
[WhiteTeam "Graefelfing SK U14 Girls"]
[BlackTeam "Leipzig Gohlis U14 Girls"]
[WhiteTeamCountry "GER"]
[BlackTeamCountry "GER"]

1. e4 e6 2. Nf3 d5 3. exd5 exd5 4. Bb5+ c6 5. Ba4 Bg4 6. h3 Bh5 7. g4 Bg6 8. d3 Nf6 9. Bg5 h6 10. Bf4 Bd6 11. Bxd6 Qxd6 12. Qe2+ Kd8 13. 0-0 Re8 14. Qd2 Qd7 15. Re1 Rxe1+ 16. Qxe1 Nxg4 17. Qb4 Nf6 18. Kg2 Qf5 19. Qd6+ Nbd7 20. Qg3 Nh5 21. Qg4 Qxg4+ 22. hxg4 Nf4+ 23. Kg3 Ne6 24. Nbd2 Kc7 25. c4 Bxd3 26. cxd5 cxd5 27. Bxd7 Kxd7 28. Ne5+ Ke7 29. Nxd3 Kd6 30. Nb3 1/2-1/2

[Event "GER-chT U14 Girls"]
[Site "Greifswald"]
[Date "2001.12.28"]
[Round "4.4"]
[White "Sandrou, Fotini"]
[Black "Dobrinevski, Anastasia"]
[Result "1-0"]
[WhiteElo "865"]
[BlackElo "100"]
[PlyCount "29"]
[EventDate "2001.12.27"]
[EventType "team-swiss"]
[EventRounds "7"]
[EventCountry "GER"]
[SourceTitle "EXT 2003"]
[Source "ChessBase"]
[SourceDate "2002.11.25"]
[SourceVersion "1"]
[SourceVersionDate "2002.11.25"]
[SourceQuality "1"]
[WhiteTeam "Heumaden U14 Girls"]
[BlackTeam "Graefelfing SK U14 Girls"]
[WhiteTeamCountry "GER"]
[BlackTeamCountry "GER"]

1. e4 e5 2. Nf3 Nc6 3. Bc4 Nf6 4. Nc3 Bb4 5. 0-0 Bxc3 6. bxc3 Nxe4 7. d3 Nxc3 8. Qe1 Na4 9. Nxe5 Nxe5 10. Qxe5+ Qe7 11. Qxg7 Qf8 12. Bxf7+ Kd8 13. Qf6+ Qe7 14. Qxh8+ Qf8 15. Qxf8# 1-0

[Event "GER-chT U14 Girls"]
[Site "Greifswald"]
[Date "2001.12.27"]
[Round "1.4"]
[White "Dobrinevski, Anastasia"]
[Black "Obereigner, Julia"]
[Result "0-1"]
[WhiteElo "100"]
[BlackElo "1039"]
[PlyCount "80"]
[EventDate "2001.12.27"]
[EventType "team-swiss"]
[EventRounds "7"]
[EventCountry "GER"]
[SourceTitle "EXT 2003"]
[Source "ChessBase"]
[SourceDate "2002.11.25"]
[SourceVersion "1"]
[SourceVersionDate "2002.11.25"]
[SourceQuality "1"]
[WhiteTeam "Graefelfing SK U14 Girls"]
[BlackTeam "Halle Franckesche Stift U14 Girls"]
[WhiteTeamCountry "GER"]
[BlackTeamCountry "GER"]

1. e4 e5 2. Nf3 Nc6 3. Nc3 Bc5 4. Bb5 Nf6 5. d3 h6 6. 0-0 0-0 7. Bxc6 dxc6 8. h3 Be6 9. Nxe5 Bd4 10. Bf4 Qd6 11. Ng4 Qxf4 12. Nxf6+ Bxf6 13. Ne2 Qg5 14. Qc1 Qg6 15. Nf4 Qg5 16. Nxe6 Qxc1 17. Raxc1 fxe6 18. Ra1 Bxb2 19. Rab1 Bd4 20. Rxb7 Rac8 21. Rb4 Bc5 22. Rc4 Bd6 23. Rxc6 Rb8 24. Ra6 Ra8 25. a3 e5 26. a4 Rfb8 27. c4 Rb3 28. Rd1 Ra3 29. f3 Bc5+ 30. Kh1 Rb8 31. Ra5 Bb6 32. Rxe5 Rxa4 33. Rf5 c6 34. g4 Ra2 35. g5 Kh7 36. gxh6 Kxh6 37. Rf1 Bc7 38. f4 Rbb2 39. c5 Rh2+ 40. Kg1 Rag2# 0-1